000 00588cam a2200229 4500
008 090401t1986 xxu||||| |||| 00| 0 eng d
020 _a0333433505
035 _a(Sirsi) u5417
041 _aeng
050 _a690
100 _aSeeley, Ivor Hugh
245 _aBuilding technology
250 _a3rd
260 _aBasingstoke
_bMacmillan Education Ltd
_c1986
300 _axiv,250p. : ill. ; 26cm.
350 _a11.99
490 _aMacMillan Building and Surveying Series
650 _aBUILDING TECHNOLOGY
690 _aBUILT ENVIRONMENT
942 _n0
948 _c04/03/1997
999 _c86177
_d86177